00821naa a22002537a 4500001001000000003000900010005001700019007000300036008003400039040005400073041000900127072000800136100001800144100002000162245005300182260004200235500009900277650002300376650002700399650001800426650001400444650001300458773009600471BR9301642BR-BrBNA20240918181016.0ta230509b bl.||||| |||| 00| 0 por d aBR-BrBNAbporcBiblioteca Nacional de Agricultura a(Pt) aF021 aSampaio, C.V.1 aAraya, L.M.E.C.1 aEnraizamento de estacas a partir do estiolamento3 aCruz das Almas, BA (Brasil): c1977.  aInforme cientifico anual, no. 1 Cruz das Almas, BA (Brasil): 1977. p. 28-30 (BR9301642-AM)F02  aReproducao Vegetal aEnraizamento de Estaca aPorta Enxerto aMergulhia aGarfagem0 tInforme cientifico anual, no. 1wF02 BR9301642gCruz das Almas, BA (Brasil), 1977. p. 28-30